000 00822nam a2200253 a 4500
001 6654
003 BD-RjUL
005 20211208234304.0
008 160831r19661963enka b 000 0 eng
035 _a(BD-RjUL)6695
040 _aDLC
_cNAlU
_dUk
_dDLC
_dBD-RjUL
_beng
041 _aeng
082 0 0 _a519
_223
_bBRO 1966
100 1 _aBrodie, M. B.
_q(Morris Bernard)
_920915
245 1 0 _aOn thinking statistically /
_cM.B. Brodie. With a foreword by J.P. Martin-Bates.
260 _aLondon :
_bHutchinson,
_cc1963 [Reprinted 1966].
300 _axv, 66 p. :
_billus. ;
_c22 cm.
490 0 _aAn Administrative Staff College publication
500 _aImprint covered by label: New York, Hillary House.
504 _aBibliographical footnotes.
650 0 _aStatistics.
_920916
942 _2ddc
_cBK
999 _c6654
_d6654